Datum a čas kvízu

25.5 Celkem bodů Celkový počet nahraných bodů na tomto kvízu bez doplňovacích otázek.
5. Pořadí na kvízu Konečné umístění týmu na tomto kvízu.

Zaznamenané odpovědi

# Otázka Odpověď Body Výsledky
1. Už Vám někdy hořela koudel u z... Šumperk 0
2. Fastfoodový řetězec Burger Kin... je bez pravého masa 1
3. Minulé pondělí mohli fanoušci... D 1
4. Minulý týden bylo oznámeno, že... Prima a CNN 1
5. Fotbalisté anglického klubu, h... Tottenham Hotspur FC 1
6. V tomto tématu ověříme vaše zn... Zvěř nehájenou lze lovit po celý rok, zvěř hájená má omezenou dobu lovu. 1
7. Kterým slovem začínajícím na p... kozlice 1
8. Jelen bílý je zvláštní barevno... Žleby, Žehušice, Kopidlno a Janovice 1
9. Kolikaterák je tento jelen? desaterák (nerovný) 0
10. Co v myslivecké mluvě znamená... oči 1